LEADER 00812nam a2200217 i 4500 001 000000152663 003 CaOOAMICUS 005 20060828000000.0 008 060828s1973 it u000 u fre u 013 $a130004 040 $aSeMil$bita 245 13$aLa période des Juges. 260 $aParis :$bLecoffre,$c1973. 300 $a159 p. 490 0 $aÉtudes bibliques [Lecoffre] 773 0 $aVaux, Roland : de $tHistoire ancienne d'Israël.$dParis : Lecoffre, 1971-1973.$w()16223 830 0$aÉtudes bibliques.$0(OLS)http://semarc/title/419576 850 $aSeMil 852 $aSeMil$W1$xVenegono$y1$m2Y IV 129$j104612$B104612$CSeMilBibl$Z2$F113784 $81 996 $6245$aLa période des Juges$9(OLS)http://semarc/title/223204 996 $6260$aParis :$bLecoffre$9(OLS)http://semarc/publisher/29623 LEADER 01435nam a2200325 i 4500 001 000000054849 003 CaOOAMICUS 005 20120209000000.0 008 120209s1973 it u000 u ita u 013 $a26021 020 $a88-383-0023-2 040 $aSeMil$bita 100 1 $aToynbee, Arnold Joseph <1892-1975>.$0(OLS)http://semarc/name/5362 240 10$aConstantine Porphyrogenitus and his world.$0(OLS)http://semarc/title/84998 245 10$aCostantino Porfirogenito e il suo mondo /$cArnold Toynbee J. 260 $aFirenze :$bSansoni,$c1973. 300 $a852 p., [4] p. di carte geografiche ;$c21 cm. 490 0 $aBiblioteca storica Sansoni 500 $aFondo Ciprandi. 600 04$aCostantino VII : Porfirogenito .$0(OLS)http://semarc/subject/11221 650 4$aBisanzio - Aristocrazia.$0(OLS)http://semarc/subject/8644 650 4$aImpero romano d'Oriente <395-1453>.$0(OLS)http://semarc/subject/51981 830 0$aBiblioteca storica Sansoni.$0(OLS)http://semarc/title/19707 850 $aSeMil 852 $aSeMil$W1$xVenegono$y1$m3S II 276$j21003$B21003$CSeMilBibl$Z2$F21005 $81 941 1 $a1 961 $aOmaggio: Ciprandi dott. Paolo 996 $6020$a88-383-0023-2$9(OLS)http://semarc/number/29820 996 $6245$aCostantino Porfirogenito e il suo mondo$9(OLS)http://semarc/title/84997 996 $6260$aFirenze :$bSansoni$9(OLS)http://semarc/publisher/29843